• 首页
  • 本馆介绍
  • 公告通知
  • 最新文献
  • 馆藏检索
  • 电子资源
  • 读者导购
  • 参考咨询
  • 我的图书馆
  • 登录
  • 详细信息显示
  • 放入我的书架
  • 预约/预借图书
  • 作者相关作品
  • 分类相关作品
  • 丛书相关作品
  • 出版社相关作品

书目信息

  • 表格格式
  • 工作单格式
  • 卡片格式
题名:
现代作物学实践指导
    
 
作者: 张海清 主编
分册:  
出版信息: 长沙   湖南科学技术出版社  2019.01
页数: 281页
开本: 26cm
丛书名:
单 册:
中图分类: S3
科图分类:
主题词: 作物--zuo wu--栽培学--教材
电子资源:
ISBN: 978-7-5710-0043-1
000 00944nam0 2200241 450
001 0106081917
005 20201106082048.0
010    @a978-7-5710-0043-1@dCNY48.00
100    @a20190508d2019 em y0chiy50 ea
101 0  @achi
102    @aCN@b430000
105    @aa z 000yy
106    @ar
200 1  @a现代作物学实践指导@Axian dai zuo wu xue shi jian zhi dao@f张海清主编
210    @a长沙@c湖南科学技术出版社@d2019.01
215    @a281页@c图@d26cm
300    @a南方粮油作物国家协同创新中心本科人才培养计划系列教材
330    @a本书主要大田作物生产实践,作物杂交种子生产实践,作物全程机械化生产实践,大田试验设计与实施,作物生产管理调查与实践,社会调查研究方法与实践,并附有主要农作物生育期记载标准、综合实习组织管理、实践评价与考核标准、实践技能大赛的组织与评价等。
606 0  @a作物@Azuo wu@x栽培学@j教材
690    @aS3@v5
701  0 @a张海清@Azhang hai qing@4主编
801  0 @aCN@bBJSZM@c20201106
905    @b1194552-5@dS3@e79@f4
    
    现代作物学实践指导/张海清主编.-长沙:湖南科学技术出版社,2019.01
    281页:图;26cm
    南方粮油作物国家协同创新中心本科人才培养计划系列教材
    
    ISBN 978-7-5710-0043-1:CNY48.00
    本书主要大田作物生产实践,作物杂交种子生产实践,作物全程机械化生产实践,大田试验设计与实施,作物生产管理调查与实践,社会调查研究方法与实践,并附有主要农作物生育期记载标准、综合实习组织管理、实践评价与考核标准、实践技能大赛的组织与评价等。
●
相关链接 在E读中查询图书 在五车中查询图书 在当当中查询图书 在豆瓣中查询图书


正题名:现代作物学实践指导     索取号:S3/79         预约/预借

序号 登录号 条形码 馆藏地/架位号 状态 备注
1 1194552   211945528   第二样本阅览室/ [索取号:S3/79] 在馆    
2 1194553   211945537   第三借阅区/ [索取号:S3/79] 在馆    
3 1194554   211945546   第三借阅区/ [索取号:S3/79] 在馆    
4 1194555   211945555   第三借阅区/ [索取号:S3/79] 在馆    
唐山师范学院图书馆 欢迎您!
大连网信软件有限公司© 版权所有